Responses for Show #8217 - Tuesday, May 19, 2020

Contestants

[<< previous game]

Jackie Wong, a consultant and figure skating analyst from New York, New York

Tiffany Vicars, a consultant pharmacist from Louisville, Kentucky

Ben Scripps, a television director from Cadillac, Michigan (whose 1-day cash winnings total $18,800)

[next game >>]

Jeopardy! Round responses

BILLS, BILLS, BILLS
TV IN 2020
STILL STANDING IN EUROPE
COOL BEANS
WORDS THAT SHOULD RHYME
THE WRITER'S CREATION
    $200 1
the Gates (Bill & Melinda)

Ben
    $200 13
LEGO

Jackie
    $200 19
(Ben: What is the Colosseum?)

the Parthenon

BenJackie
    $200 8
a kidney bean

Ben
    $200 17
beard & heard

Tiffany
    $200 21
Arthur Conan Doyle

Ben
    $400 2
Bill Nye

Jackie
    $400 12
Austin

Ben
    $400 15
(Tiffany: What is a thorn? The [*]?)
(Alex: Thank you.)

the Crown of Thorns

Tiffany
    $400 9
a lima bean

Ben
    $400 18
meat & threat

Triple Stumper
    $400 22
Stephen King

Ben
    $600 3
Bill Nighy

Tiffany
    $600 4
(Jackie: Who is Batgirl?)

Batwoman

Jackie
Triple Stumper
    $1,600 14
Prague

Jackie
    $600 10
(Tiffany: What is a northern bean?)

a navy bean

Tiffany
Triple Stumper
    $600 27
cheese & geese

Ben
    $600 23
Thomas Harris

Tiffany
    $800 6
Bill O'Reilly

Ben
    $800 5
cheerleading

Jackie
    $800 20
the Grand Canal

Tiffany
    $800 11
soybeans

Jackie
    $800 28
baffle & waffle

Ben
    $800 24
(Ben: Mm... I... don't know.)
(Jackie: What is Lord of the Flies?)
...
(Alex: Less than a minute now.)

William Golding

BenJackie
Triple Stumper
    $1000 7
Calvin and Hobbes

Ben
    $1000 16
The Unicorn

Ben
    $1000 25
Rotterdam

Triple Stumper
    $1000 29
[The end-of-round signal sounds.]

trough & furlough

Triple Stumper
    $1000 26
John Grisham

Ben

Scores at the first commercial break (after clue 15):

Ben Tiffany Jackie
$3,000 $400 $3,200

Scores at the end of the Jeopardy! Round:

Ben Tiffany Jackie
$6,000 $2,000 $2,600

Double Jeopardy! Round responses

BILLS, BILLS, BILLS
GREAT AMERICAN SONGBOOK
HISTORIC HOMES
THE LORD DEALS WITH THEE, BIBLICALLY
DINO-TOPIA
"A" BEFORE "E"
    $400 18
three strikes

Jackie
    $400 23
cheek to cheek

Jackie
    $400 1
Jefferson Davis

Ben
    $400 6
Adam

Jackie
    $400 13
a triceratops

Tiffany
    $400 7
taekwondo

Ben
    $800 19
NATO

Ben
    $800 24
Bob Hope

Ben
    $800 2
American Gothic

Ben
    $800 12
Moses

Jackie
    $800 14
a velociraptor

Ben
    $800 8
Aerosmith

Tiffany
    $1200 20
Crimea

Jackie
    $2,200 25
"At Last"

Ben
    $1200 3
Clara Barton

Ben
    $1,000 26
(Ben: Who is Abraham?)

Noah

Ben
    $1200 15
a stegosaurus

Jackie
    $1200 9
Gaelic

Ben
    $1600 21
Bob Dole

Ben
    $1600 27
fall in love

Triple Stumper
    $1600 4
Winchester

Tiffany
    $1600 29
Cain

Triple Stumper
    $1600 16
an apatosaurus

Ben
    $1600 10
the Aeneid

Ben
    $2000 22
sanctions

Triple Stumper
    $2000 28
a paper moon

Triple Stumper
    $2000 5
The Breakers

Tiffany
    $2000 30
Joshua

Triple Stumper
    $2000 17
sauropod

Triple Stumper
    $2000 11
(Tiffany: What's an arboretum?)

arborvitae

BenTiffany

Scores at the end of the Double Jeopardy! Round:

Ben Tiffany Jackie
$20,400 $4,800 $7,000
(lock game)

[wagering suggestions for these scores]

Final Jeopardy! Round responses

ADVENTURE NOVELS
(Alex: If you don't come up with that 1719 novel, you're gonna struggle with this Final today.)
TiffanyWhat is Gulliver's Travels?
$1,500
JackieWhat is 20,000 leagues under the s
$2,601
BenWhat is ?
$1,042
The Swiss Family Robinson

Final scores:

Ben Tiffany Jackie
$19,358 $3,300 $4,399
2-day champion: $38,158 3rd place: $1,000 2nd place: $2,000

Game dynamics:

Coryat scores:

Ben Tiffany Jackie
$20,400 $4,800 $6,000
25 R
(including 1 DD),
3 W
(including 1 DD)
9 R,
2 W
12 R
(including 1 DD),
2 W

Combined Coryat: $31,200

[game clues] [game scores] [suggest correction]

Game tape date: 2020-03-10
The J! Archive is created by fans, for fans. Scraping, republication, monetization, and malicious use prohibited; this site may use cookies and collect identifying information. See terms. The Jeopardy! game show and all elements thereof, including but not limited to copyright and trademark thereto, are the property of Jeopardy Productions, Inc. and are protected under law. This website is not affiliated with, sponsored by, or operated by Jeopardy Productions, Inc. Join the discussion at JBoard.tv.